=Açúcar amargo (Record no. 45385)

MARC details
000 -LÍDER
campo de controle de tamanho fixo 00358 a2200169 4500
001 - NÚMERO DE CONTROLE
campo de controle 45385
020 ## - ISBN - INTERNATIONAL STANDARD BOOK NUMBER
ISBN - International Standard Book Number 9788508173471
040 ## - FONTE DA CATALOGAÇÃO
Instituição que transcreveu o registro Anchieta - Aquarius
100 ## - ENTRADA PRINCIPAL--NOME PESSOAL
Nome pessoal Putel, Luiz
240 10 - TÍTULO UNIFORME
Título uniforme =Açúcar amargo
Idioma da obra por
245 10 - TÍTULO
Título =Açúcar amargo
300 ## - DESCRIÇÃO FÍSICA
Extensão 40
362 0# - DATAS DE PUBLICAÇÃO E/OU DESIGNAÇÃO SEQUENCIAL
Datas de publicação e/ou designação sequencial 2015
440 #1 - DECLARAÇÃO DE SÉRIE/ENTRADA ADICIONADA--TÍTULO
Título Ática
650 #4 - ASSUNTO--TERMO TÓPICO
Cabeçalho tópico ou nome geográfico Literatura brasileira
942 ## - ELEMENTOS DE ENTRADA ADICIONADOS (KOHA)
Tipo de material Koha Livros
Holdings
Situação do descarte Situação das perdas Situação física Não pode ser emprestado Biblioteca de origem Biblioteca atual Data de aquisição Total de empréstimos Número de chamada completo Código de barras Data de último acesso Data do preço efetivo Tipo de material Koha Fonte da classificação ou esquema de arquivamento na estante
        Colégio Anchieta - Aquarius Colégio Anchieta - Aquarius 21/11/2023   869.93 PUT ACU 2338/AQU 21/11/2023 21/11/2023 Livros  
        Leonardo Da Vinci - Alphaville 2 Leonardo Da Vinci - Alphaville 2 27/03/2024   028.5 P984a 2A979 27/03/2024 27/03/2024 Livros  
        Leonardo Da Vinci - Osasco Leonardo Da Vinci - Osasco 27/03/2024   J P984a O017410 27/03/2024 27/03/2024 Livros  
        Leonardo Da Vinci - Osasco Leonardo Da Vinci - Osasco 21/02/2026   J P984a ex.2 O020328 21/02/2026 21/02/2026 Livros Classificação Decimal de Dewey